SouthEast Asian affairs 1987 (Record no. 20604)

MARC details
000 -LEADER
fixed length control field 00405nam a2200133Ia 4500
082 ## - DEWEY DECIMAL CLASSIFICATION NUMBER
Classification number RR 959.05 SOU-
245 #0 - TITLE STATEMENT
Title SouthEast Asian affairs 1987
260 ## - PUBLICATION, DISTRIBUTION, ETC. (IMPRINT)
Place of publication Pasir Panjang
Name of publisher Institute of SouthEast Asian Studies
Year of publication 1987
300 ## - PHYSICAL DESCRIPTION
Number of Pages x, 363p.
650 ## - SUBJECT ADDED ENTRY--TOPICAL TERM
Topical Term Asia, SouthEastern - Politics and government - 1987
650 ## - SUBJECT ADDED ENTRY--TOPICAL TERM
Topical Term Asia, SouthEastern - Study and teaching
700 ## - ADDED ENTRY--PERSONAL NAME
Personal name Ayood, Mohammed
942 ## - ADDED ENTRY ELEMENTS (KOHA)
Koha item type Books
Holdings
Withdrawn status Lost status Damaged status Not for loan Home library Current library Date acquired Bill Date Full call number Accession Number Price effective from Koha item type
        NASSDOC Library NASSDOC Library 08/06/2004 2004-10-22 RR 959.05 SOU- 28755 18/04/2019 Books